000 00442nam a2200193Ia 4500
008 210210b1949 xxu||||| |||| 00| 0 eng d
041 _aeng
082 _a954/443
100 _aSPEAR (P)
245 _aIndia, Pakistan and the west
260 _aLondon
_bOxford University Press
_c1949
650 _awest
650 _athe
650 _aPakistan
650 _aIndia,
650 _aand
690 _aIndian History
906 _a026200
999 _c152244
_d152244